书目信息 |
| 书名: | Recollections of west Hunan | |
| 作者: | ||
| 分册号: | ||
| 分册名: | 出版地: | Beijing : |
|
| 出版社: | Panda Books | |
| 出版时间: | 1982. | |
| 页数: | 195 p. ; | |
| 开本: | 18 cm. : | |
| 丛书名: | ||
| 中图分类号: | ||
| 科图分类号: | ||
| 其他分类号: | H319.4 | |
| 主题词: | ||
| 电子资源: | ||
| 000 | 00778nam 2200241 a 4500 | |
| 001 | E0761446742 | |
| 005 | 20070228170418.78 | |
| 008 | uu | |
| 040 | @aNLC | |
| 041 | 1 | @aeng @hchi |
| 043 | @aa-cc--- | |
| 049 | @aN5LA | |
| 090 | @a2C-85/I266/S54////////////495001 | |
| 090 | @aH319.4 | |
| 096 | @aI266 @v2 | |
| 099 | @dH319.4@ex462 | |
| 100 | 1 | @aShen, Congwen, @d1902-1988 |
| 240 | 10 | @aXiang xi. @lEnglish |
| 242 | 10 | @a湘西(英语版) / @c沈从文 @ychi |
| 245 | 10 | @aRecollections of west Hunan |
| 260 | @aBeijing :@bPanda Books,@c1982. | |
| 300 | @a195 p. ;@c18 cm. :@b00 ;@c20020930@lNLC09@h2246 :@b40 ;@c20021223@lNLC09@h1918 :@b40 ;@c20021223@lNLC09@h1918 :@b40 ;@c20021223@lNLC09@h1928@lNLC09@h2303@lNLC09@h1854 | |
| 852 | 9 | @bWWJC @cJ08S @k2C-85 @hI266 @iS54 |
| Recollections of west Hunan.-Beijing : : Panda Books, , 1982. |
| 195 p. ; ; 18 cm. : : 00 ; ; 20020930 : 40 ; ; 20021223 : 40 ; ; 20021223 : 40 ; ; 20021223 |
| ISBN |
| ● |
| 相关链接 |
|
|
|
|
正题名:Recollections of west Hunan
索取号:H319.4/x462
 
预约/预借
| 序号 | 登录号 | 条形码 | 馆藏地/架位号 | 状态 | 备注 |
| 1 | 73345 | 000447886 | 第四借阅区/ [索取号:H319.4/x462] | 在馆 | |
| 2 | 73346 | 000447920 | 第四借阅区/ [索取号:H319.4/x462] | 在馆 | |
| 3 | 73347 | 000447966 | 第二样本阅览室/ [索取号:H319.4/x462] | 在馆 |